000 00655nam a22002657a 4500
003 UA-OsUOA
001 33046
007 ta
008 20050303b un ||||| |||| 00| 0 ukr d
100 _aКасьянов В.Н.
700 _aСабельфельд В.К.
090 _a004.382.7(076)
_bК28
942 _cBK
040 _aUA-OsUOA
_brus
_cUA-OsUOA
_dUA-OsUOA
245 _aСборник заданий по практикуму на ЕВМ
300 _a272 С.
955 _a0
041 _arus
080 _a004.382.7(076)
591 _a22.18
260 _aМ.
_bНаука
_c1986
044 _aRU
650 7 _2UDC
999 _c319503
_d319503